Movies Quiz

Random Movies Quiz
Score 0/65 Timer 20:00
1 Play Today
Hint % Correct
????
100%
????
100%
????
99.6%
????
99.6%
????
84.9%
????
84.9%
????
82.5%
????
78.1%
????
78.1%
????
76.1%
????
74.5%
????
69.7%
????
68.1%
????
68.1%
????
64.1%
????
63.3%
????
63.3%
????
62.9%
????
60.6%
????
60.2%
????
59.8%
????
59.4%
????
58.6%
????
43%
????
43%
????
29.1%
????
29.1%
????
29.1%
????
29.1%
????
28.7%
????
23.1%
????
23.1%
????
23.1%
Hint % Correct
????
15.1%
????
14.7%
????
14.7%
????
14.7%
????
14.7%
????
14.7%
????
14.7%
????
14.3%
????
14.3%
????
14.3%
????
14.3%
????
14.3%
????
12%
????
12%
????
12%
????
12%
????
12%
????
9.2%
????
9.2%
????
9.2%
????
9.2%
????
9.2%
????
9.2%
????
9.2%
????
9.2%
????
9.2%
????
9.2%
????
9.2%
????
9.2%
????
9.2%
????
9.2%
????
9.2%

You're not logged in!

Compare scores with friends on all Sporcle quizzes.
OR
Log In

Sporcle TV

Today on Sporcle TV


Watch our educational content, quiz creation guides, and fun videos on Sporcle TV.

Show Comments

Extras

Created Dec 9, 2012ReportNominate
Tags:Extra, Twilight

Top Quizzes Today


Score Distribution

Paid Content

Your Account Isn't Verified!

In order to create a playlist on Sporcle, you need to verify the email address you used during registration. Go to your Sporcle Settings to finish the process.

Report this User

Report this user for behavior that violates our Community Guidelines.

Details: